Cyber crimes to cyber terrorsim (Record no. 189096)

MARC details
000 -LEADER
fixed length control field 00406nam a2200157Ia 4500
005 - DATE AND TIME OF LATEST TRANSACTION
control field 20250329114722.0
008 - FIXED-LENGTH DATA ELEMENTS--GENERAL INFORMATION
fixed length control field 231217s9999 xx 000 0 und d
020 ## - INTERNATIONAL STANDARD BOOK NUMBER
International Standard Book Number 9788131413302
082 ## - DEWEY DECIMAL CLASSIFICATION NUMBER
Classification number 348.02 VID;1 R
100 ## - MAIN ENTRY--PERSONAL NAME
Personal name Vidya, C ed.
245 #0 - TITLE STATEMENT
Title Cyber crimes to cyber terrorsim
260 ## - PUBLICATION, DISTRIBUTION, ETC. (IMPRINT)
Date of publication, distribution, etc. 2007
Name of publisher, distributor, etc. Icfai
Place of publication, distribution, etc. Hyderabad
300 ## - PHYSICAL DESCRIPTION
Extent vi, 193
650 ## - SUBJECT ADDED ENTRY--TOPICAL TERM
Topical term or geographic name as entry element Cyber,crimes,cyber,terrorsim
942 ## - ADDED ENTRY ELEMENTS (KOHA)
Koha item type Books
Holdings
Date last seen Total Checkouts Full call number Accession number Old discount Cost, replacement price Price effective from Category Public note Lost status Damaged status Department Withdrawn status bill no. bill date Permanent Location Current Location Shelving location Entry date Vendor Cost, normal purchase price Grants Currency symbol Conversion rate Discount Discount type
26/01/2024   348.02 VID;1 R 65910   38.00 26/01/2024 Books 65910     Central Library   1993 25/02/2014 Central Library Central Library Central Library 25/09/2010 ICFAI Press 38.00 MBA RS 1   Rupees
26/01/2024   348.02 VID;2 R1 65911   38.00 26/01/2024 Books 65911     Central Library   1993 25/02/2014 Central Library Central Library Central Library 25/09/2010 ICFAI Press 38.00 MBA RS 1   Rupees

© For any Suggestions or Query, please contact the library staff @ librarian@pes.edu or Phone: +9180 2672 1983/ 2108.